000 00521nam a2200217Ia 4500
003 OSt
005 20220928144159.0
006 a|||||r|||| 00| 0
007 ta
008 220927b |||||||| |||| 00| 0 eng d
024 _a63568
037 _cTextual
040 _aSDCL
_cSDCL
_beng
041 _2eng
_aeng
082 _aX9.5'N7-L6, M1
100 _aPollard
_9507317
245 0 _aPeaceful conquest .
260 _c1981
942 _hX9.5'N7-L6, M1
_cTEXL
_2CC
999 _c826684
_d826684